000 00432nam a2200193Ia 4500
005 20240823043858.0
008 240823s9999||||xx |||||||||||||| ||und||
020 _a978-1-904233-88-6
041 _aENGLISH
082 _A813.6 P9
100 _aStephenie Meyer
245 0 _aNew Moon
250 _a1st
260 _c2009
_bAtom Publi
500 _aTRANSFERED
650 _aNew moon
_bGeneral
942 _cBK
999 _c211251
_d211251